Gramática francesa y método para aprenderla
Salvato in:
| Autore principale: | |
|---|---|
| Natura: | Sconosciuto |
| Lingua: | spagnolo |
| Pubblicazione: |
Madrid
Librería y Casa Editorial Hernando
1926
|
| Edizione: | 18a ed. |
| Catalogo: | MANES: Risultati della ricerca del catalogo della biblioteca |
| Libro di testo Classificazione: |
|
| Accesso online: | Biblioteca Virtual del Patrimonio Bibliográfico |
| Tags: |
Aggiungi Tag
Nessun Tag, puoi essere il primo ad aggiungerne!!
|
| Aggiunto a: | 2016-04-26 |
MARC
| LEADER | 000000000a22000000004500 | ||
|---|---|---|---|
| 001 | 34599 | ||
| 003 | OSt | ||
| 008 | 160427s sp ||||| |||| 00| 0 spa d | ||
| 040 | |a manes |c manes | ||
| 041 | |a Español | ||
| 856 | |z Biblioteca Virtual del Patrimonio Bibliográfico |u http://bvpb.mcu.es/es/consulta/resultados_busqueda.cmd?posicion=130&forma=ficha&id=10734 | ||
| 100 | 1 | |a Benot, Eduardo |9 19965 | |
| 245 | 0 | 0 | |a Gramática francesa y método para aprenderla |
| 250 | |a 18a ed. | ||
| 260 | 3 | |a Madrid |b Librería y Casa Editorial Hernando |c 1926 | |
| 300 | |a 153 p. |c 23 cm | ||
| 500 | |a Signatura: T26/50. Enc. ed. en tela. | ||
| 690 | 7 | |a LE | |
| 691 | 0 | |a SE | |
| 942 | |2 ddc |c BK | ||
| 546 | |a España | ||
| 999 | |c 41597 |d 41597 | ||
| 999 | |c manes:41597 |d 41597 | ||